Which one is more searched on Google? - Statistics

General Stats
  • This quiz has been taken 817 times
  • The average score is 10 of 15
Answer Stats
Question Answer % Correct
Table Tennis or Tennis? Tennis
92%
Mughal Empire or Majapahit Empire? Mughal Empire
86%
Saddam Hussein or Muammar Al Gaddafi? Hussein
84%
Volkswagen or Hyundai? Volkswagen
82%
Algiers or Helsinki? Helsinki
78%
British Airways or United Airlines? United Airlines
67%
Samara or Ufa? Samara
65%
Queensland or Connecticut? Connecticut
63%
Jamaica or The Bahamas? Jamaica
61%
Spotify or Playstation Spotify
61%
Shanghai or Beijing? Shanghai
57%
Hydrogen or Carbon? Carbon
49%
Prague or Munich? Munich
49%
Baseball or Cricket? Cricket
47%
Borneo or Sicily Borneo
14%
No matching quizzes found
Score Distribution
Percent of People with Each Score
Percentile by Number Answered
Your Score History
You have not taken this quiz